[Event "Aragon-chT Honor Descenso"]
[Site "Aragon"]
[Date "2019.03.30"]
[Round "10.24"]
[White "Gonzalez Castillo, Javier"]
[Black "Campo Pelegrin, Ramon"]
[Result "0-1"]
[WhiteElo "1457"]
[BlackElo "1795"]
[PlyCount "96"]
[EventDate "2019.03.16"]
[EventType "team-tourn"]
[EventRounds "10"]
[EventCountry "ESP"]
[SourceTitle "EXT 2020"]
[Source "ChessBase"]
[SourceDate "2019.10.17"]
[SourceVersion "1"]
[SourceVersionDate "2019.10.17"]
[SourceQuality "1"]
[WhiteTeam "San Jose"]
[BlackTeam "Enroque"]
[WhiteTeamCountry "ESP"]
[BlackTeamCountry "ESP"]

1. e4 e5 2. Nf3 Nc6 3. Bc4 Bc5 4. c3 Nf6 5. d3 d6 6. Nbd2 0-0 7. 0-0 Bb6 8. h3 h6 9. Re1 a6 10. Bb3 Ba7 11. Nf1 Be6 12. Bc2 Ne7 13. Ng3 Ng6 14. d4 c5 15. d5 Bd7 16. c4 b5 17. b3 Bb6 18. Be3 Ba5 19. Rf1 bxc4 20. bxc4 Qc7 21. Qd3 Rfb8 22. Nd2 Nf4 23. Bxf4 exf4 24. Ne2 Bxd2 25. Qxd2 f3 26. Nf4 g5 27. Qc3 fxg2 28. Nxg2 Nh7 29. Qf3 Rb2 30. Bb3 Qd8 31. Ne1 Qf6 32. Qe3 Rxb3 33. axb3 Qxa1 34. h4 Re8 35. Kh1 Qe5 36. f3 Qg3 37. Ng2 Bh3 38. Rg1 Bxg2+ 39. Rxg2 Qxh4+ 40. Kg1 Qh5 41. Rh2 Qg6 42. Rg2 f5 43. Re2 fxe4 44. fxe4 Nf6 45. Qd3 Rxe4 46. Rxe4 Qxe4 47. Qc3 Qd4+ 48. Qxd4 cxd4 0-1